Copa do Mundo da FIFA 2018 - Statistics

Estatísticas Gerais
  • Esse quiz foi jogado 81 vezes
  • A pontuação média é 28 de 32
Estatísticas das Respostas
Resposta % Correto
Brasil
100%
Argentina
99%
França
99%
Rússia
99%
Japão
96%
México
96%
Portugal
95%
Uruguai
95%
Alemanha
93%
Austrália
93%
Bélgica
93%
Colômbia
93%
Egito
93%
Espanha
93%
Suiça
93%
Croácia
92%
Inglaterra
92%
Sérvia
92%
Coréia do Sul
90%
Marrocos
88%
Suécia
88%
Arábia Saudita
86%
Irã
86%
Peru
86%
Senegal
86%
Costa Rica
85%
Dinamarca
78%
Nigéria
78%
Panamá
77%
Polônia
77%
Tunísia
66%
Islândia
58%
Nenhum quiz correspondente encontrado
Distribuição das Pontuações
Porcentagem de Pessoas com Cada Pontuação
Percentil de Números Respondidos
Sua Pontuação Histórica
Você não jogou esse quiz